Match 'Em Up Blitz - A Song of Ice and Fire Quiz Stats

 Plays Quiz Updated Aug 4, 2015

Challenge
Share
Tweet
Embed
Score 0/40 Timer 06:00
7 Plays Today
% Correct
♦HOUSE WORDS
100%
*HOUSE
99.9%
*WORDS
99.9%
° CODE WΟRD °
99.9%
*BASTARD SURNAME
70.6%
*AREA
70.6%
♦BASTARDS
70.5%
° CODE WΟRD °
70.5%
*SWΟRDS COΜPLETE
70.5%
*SWORD
70.3%
♦SWORDS
70.3%
*CURRENT WIELDER
70.3%
° CODE WΟRD °
70.3%
*WΟRDS CΟMΡLETE
70.3%
*HOUSE
68.6%
*PLACE
68.5%
° CODE WΟRD °
68.5%
♦SEΑTS PART 1
68.5%
*BASTΑRDS COMPLEΤE
68.5%
*HOUSE
67.3%
% Correct
*PLACE
67.2%
° CODE WΟRD °
67.2%
♦SΕATS PART 2
67.2%
*SEΑTS 1 CΟMPLETE
67.2%
*DIREWOLF
65.3%
*OWNER
65.2%
♦DIREWOLVES
65.1%
° CODE WΟRD °
65.1%
*SEΑTS 2 COMΡLETE
65%
♦GROUPS
64.1%
*GROUP MEMBER
64.1%
*GROUP NAME
64.1%
° CODE WΟRD °
64.1%
*WOLVES CΟΜPLETE
64.1%
*CITY
44.3%
♦FREE CITIES
44.2%
*CHARACTER FROM CITY
44.2%
° CODE WΟRD °
44.2%
*GROUPS CΟMΡLETE
44.2%
**WINNER!!
26.7%

You're not logged in!

Compare scores with friends on all Sporcle quizzes.
Join for Free
OR
Log In

You Might Also Like...

Show Comments

Extras

Top Quizzes Today


Score Distribution

Your Account Isn't Verified!

In order to create a playlist on Sporcle, you need to verify the email address you used during registration. Go to your Sporcle Settings to finish the process.

Report this User

Report this user for behavior that violates our Community Guidelines.

Details: